000 00705nam a22002297a 4500
001 14210
003 BD-RjUL
005 20211208235605.0
008 140205s1968 ii a|||| |||| 001 0 eng d
035 _a(BD-RjUL)14262
040 _aBD-RjUL
_beng
_cBD-RjUL
_dBD-RjUL
041 _aeng
082 0 4 _a697.002
_bKAR 1968
100 1 _a Kadambi, V.
_944375
245 1 _aRefrigeration, air conditioning and environmental control in India /
_cby V. Kadambi
260 _aNew Delhi :
_bPrentice-Hall of India,
_c1968
300 _avi, 304 p. :
_bill. ;
_c25 cm.
504 _aInclude index
650 0 _aAir conditioning -- Climatic factors.
_944376
700 1 _aHutchinson F .W.
_944377
942 _2ddc
_cBK
999 _c14210
_d14210